[Event "Basel op"]
[Site "Basel"]
[Date "2017.01.02"]
[Round "1"]
[White "Gomes, Mary Ann"]
[Black "Bender, Dirk"]
[Result "1-0"]
[WhiteElo "2299"]
[BlackElo "2050"]
[PlyCount "69"]
[EventDate "2017.01.02"]
[EventType "swiss"]
[EventRounds "9"]
[EventCountry "SUI"]
[SourceTitle "CBM 176 Extra"]
[Source "ChessBase"]
[SourceDate "2017.03.02"]
[SourceVersion "1"]
[SourceVersionDate "2017.03.02"]
[SourceQuality "1"]

1. Nf3 c5 2. c4 g6 3. Nc3 Bg7 4. g3 Nc6 5. Bg2 e6 6. 0-0 Nge7 7. e4 0-0 8. d3 d6 9. Be3 Nd4 10. Ne1 Rb8 11. Rb1 Nec6 12. f4 a6 13. Nc2 b5 14. cxb5 axb5 15. Ne2 Nxc2 16. Qxc2 Qa5 17. e5 Nb4 18. Qd2 Qxa2 19. exd6 Na6 20. d4 c4 21. Ra1 Qb3 22. d7 Bxd7 23. Rxa6 b4 24. Nc1 c3 25. Nxb3 cxd2 26. Rd1 Bb5 27. Raa1 Rfc8 28. Rxd2 Bc4 29. Nc5 Rd8 30. b3 Bd5 31. Bxd5 Rxd5 32. Ra4 Bf8 33. Rc2 Bxc5 34. Rxc5 Rd7 35. Rc4 1-0

[Event "Basel op"]
[Site "Basel"]
[Date "2015.01.02"]
[Round "3"]
[White "Bender, Dirk"]
[Black "Graf, Anton"]
[Result "1/2-1/2"]
[WhiteElo "2041"]
[BlackElo "1984"]
[PlyCount "106"]
[EventDate "2015.01.01"]
[EventType "swiss"]
[EventRounds "7"]
[EventCountry "SUI"]
[SourceTitle "CBM 164 Extra"]
[Source "ChessBase"]
[SourceDate "2015.03.02"]
[SourceVersion "1"]
[SourceVersionDate "2015.03.02"]
[SourceQuality "1"]

1. c4 c6 2. g3 g6 3. Bg2 Bg7 4. e3 e6 5. Ne2 d5 6. cxd5 exd5 7. d4 Nf6 8. Nbc3 0-0 9. 0-0 Re8 10. a3 a5 11. Bd2 Bf5 12. b4 axb4 13. axb4 Na6 14. Qb3 Bd3 15. Rfe1 Bc4 16. Qb2 Qe7 17. b5 Nb4 18. bxc6 bxc6 19. Rxa8 Rxa8 20. Nc1 Bf8 21. e4 Qa7 22. e5 Ne8 23. N3e2 Rb8 24. Qc3 Nc7 25. Qf3 Nc2 26. Rd1 Rb1 27. Bh3 Bxe2 28. Qxe2 Nxd4 29. Qd3 Qa4 30. Re1 Rb8 31. Bc3 Ncb5 32. e6 Nxc3 33. Qxc3 fxe6 34. Bxe6+ Kh8 35. Ne2 Bg7 36. Nxd4 Bxd4 37. Qf3 Qb4 38. Re2 Rf8 39. Bf7 Qb7 40. Re8 Rxe8 41. Bxe8 Kg7 42. Qg4 Bf6 43. Qe6 c5 44. Bc6 Qb1+ 45. Kg2 Qe4+ 46. Qxe4 dxe4 47. Bxe4 c4 48. Kf3 Bd4 49. Ke2 g5 50. h3 h5 51. f4 gxf4 52. gxf4 Kf6 53. Bd5 Kf5 1/2-1/2

[Event "Basel op"]
[Site "Basel"]
[Date "2014.01.03"]
[Round "4"]
[White "Eidinger, Helmut"]
[Black "Bender, Dirk"]
[Result "0-1"]
[WhiteElo "2150"]
[BlackElo "2058"]
[PlyCount "84"]
[EventDate "2014.01.01"]
[EventType "swiss"]
[EventRounds "7"]
[EventCountry "SUI"]
[SourceTitle "CBM 158 Extra"]
[Source "ChessBase"]
[SourceDate "2014.02.28"]
[SourceVersion "1"]
[SourceVersionDate "2014.02.28"]
[SourceQuality "1"]

1. e4 c5 2. Nf3 g6 3. Nc3 Bg7 4. d4 cxd4 5. Nxd4 Nc6 6. Be3 Nf6 7. Bc4 Qa5 8. 0-0 Qb4 9. Bb3 Nxe4 10. Nxe4 Nxd4 11. c3 Ne2+ 12. Qxe2 Qxe4 13. Rad1 e6 14. Qd2 0-0 15. Rfe1 Qc6 16. Bd4 b6 17. Bxg7 Kxg7 18. Qd4+ f6 19. Bc2 Rf7 20. Re3 Bb7 21. Rg3 Rc8 22. Qe3 f5 23. Qd4+ Kg8 24. Ba4 b5 25. Bb3 Qc5 26. Qd2 f4 27. Rg4 Qf5 28. f3 h5 29. Rh4 Bxf3 30. gxf3 Qg5+ 31. Kh1 Qxh4 32. Rg1 Qf6 33. Bc2 Rg7 34. Qd3 b4 35. cxb4 Qxb2 36. Ba4 Qc3 37. Qd1 Rd8 38. Bc2 g5 39. Bb3 Qc6 40. b5 Qb6 41. a4 g4 42. Qd3 Qe3 0-1

[Event "Vienna Husek op-A"]
[Site "Vienna"]
[Date "2012.08.16"]
[Round "4"]
[White "Bender, Dirk"]
[Black "Arzt, Andreas"]
[Result "1-0"]
[WhiteElo "2023"]
[BlackElo "1847"]
[PlyCount "44"]
[EventDate "2012.08.13"]
[EventType "swiss"]
[EventRounds "7"]
[EventCountry "AUT"]
[SourceTitle "EXT 2014"]
[Source "ChessBase"]
[SourceDate "2013.11.20"]
[SourceVersion "1"]
[SourceVersionDate "2013.11.20"]
[SourceQuality "1"]

1. c4 f5 2. g3 g6 3. Bg2 Bg7 4. e3 Nf6 5. Nc3 0-0 6. Nge2 d6 7. 0-0 e5 8. d3 c6 9. Rb1 a5 10. a3 Na6 11. b4 axb4 12. axb4 d5 13. cxd5 cxd5 14. Qb3 Be6 15. d4 e4 16. Ba3 Re8 17. b5 Nb8 18. Ra1 Nbd7 19. Na4 g5 20. Rfc1 Nh5 21. Bd6 Rxa4 22. Rxa4 Bf6 1-0

[Event "Vienna Husek op-A"]
[Site "Vienna"]
[Date "2012.08.15"]
[Round "3"]
[White "Zoebisch, Herbert"]
[Black "Bender, Dirk"]
[Result "1-0"]
[WhiteElo "2108"]
[BlackElo "2023"]
[PlyCount "83"]
[EventDate "2012.08.13"]
[EventType "swiss"]
[EventRounds "7"]
[EventCountry "AUT"]
[SourceTitle "EXT 2014"]
[Source "ChessBase"]
[SourceDate "2013.11.20"]
[SourceVersion "1"]
[SourceVersionDate "2013.11.20"]
[SourceQuality "1"]

1. d4 Nf6 2. c4 e6 3. Nc3 Bb4 4. e3 c5 5. Nge2 cxd4 6. exd4 0-0 7. a3 Be7 8. Nf4 Re8 9. Be2 d6 10. 0-0 Nbd7 11. Be3 Rb8 12. Nh5 Nxh5 13. Bxh5 Nf6 14. Bf3 b6 15. Nb5 Qd7 16. a4 Ba6 17. Qb3 Bb7 18. d5 exd5 19. cxd5 Ba8 20. Rfd1 Bf8 21. Rac1 Ng4 22. Rc7 Qf5 23. Bxg4 Qxg4 24. Nxa7 Qh5 25. Nc6 Rbc8 26. Rxc8 Rxc8 27. Rc1 Qf5 28. h3 Re8 29. Bxb6 g6 30. Be3 Qe4 31. Qc4 Qf5 32. b4 Qh5 33. b5 f5 34. a5 Re4 35. Qd3 g5 36. f3 Re8 37. Bf2 g4 38. hxg4 fxg4 39. fxg4 Qg5 40. Rd1 Bg7 41. Qf5 Qh6 42. Qh5 1-0

[Event "Karl Mala Memorial op 15th"]
[Site "Frankfurt"]
[Date "2012.07.07"]
[Round "4"]
[White "Bender, Dirk"]
[Black "Roehlich, Philipp"]
[Result "1/2-1/2"]
[WhiteElo "2042"]
[BlackElo "1757"]
[PlyCount "89"]
[EventDate "2012.07.05"]
[EventType "swiss"]
[EventRounds "7"]
[EventCountry "GER"]
[SourceTitle "CBM 149 Extra"]
[Source "ChessBase"]
[SourceDate "2012.08.24"]
[SourceVersion "1"]
[SourceVersionDate "2012.08.24"]
[SourceQuality "1"]

1. c4 c5 2. g3 g6 3. Bg2 Bg7 4. e3 Nc6 5. Ne2 Nf6 6. Nbc3 e6 7. 0-0 0-0 8. Nf4 e5 9. Nfd5 Nxd5 10. cxd5 Ne7 11. Rb1 d6 12. d3 Bd7 13. h3 b5 14. Ne2 Qb6 15. b3 Rfc8 16. Bb2 Rab8 17. Kh2 a5 18. Qd2 b4 19. f4 f6 20. fxe5 fxe5 21. g4 Qb7 22. Ng3 Nxd5 23. Ne4 Qc7 24. Ng5 Nf6 25. Qf2 Rf8 26. Qh4 h6 27. Ne4 g5 28. Nxf6+ Rxf6 29. Qg3 Rbf8 30. Rxf6 Bxf6 31. Bd5+ Kg7 32. Qg2 Be8 33. Rc1 Qd7 34. Qe4 Bg6 35. Qc4 e4 36. d4 Bf7 37. Rf1 Bxd5 38. Qxd5 Qb5 39. Rf2 Qd3 40. Qxd6 Qxe3 41. Kg2 cxd4 42. Rxf6 Qe2+ 43. Kg1 Qd1+ 44. Kg2 Qc2+ 45. Kg3 1/2-1/2

[Event "Eschborn op 09th"]
[Site "Eschborn"]
[Date "2012.06.01"]
[Round "1"]
[White "Bender, Dirk"]
[Black "Busch, Silvan"]
[Result "1-0"]
[WhiteElo "2060"]
[BlackElo "1325"]
[PlyCount "91"]
[EventDate "2012.06.01"]
[EventType "swiss"]
[EventRounds "5"]
[EventCountry "GER"]
[SourceTitle "EXT 2014"]
[Source "ChessBase"]
[SourceDate "2013.11.20"]
[SourceVersion "1"]
[SourceVersionDate "2013.11.20"]
[SourceQuality "1"]

1. c4 e5 2. g3 Bc5 3. Bg2 Nf6 4. Nc3 c6 5. e3 d5 6. cxd5 cxd5 7. Qb3 d4 8. Bxb7 Bxb7 9. Qxb7 Nbd7 10. Ne4 Nxe4 11. Qxe4 0-0 12. Ne2 Re8 13. 0-0 Nf6 14. Qg2 Qd5 15. Qxd5 Nxd5 16. b3 d3 17. Nc3 Nxc3 18. dxc3 e4 19. Bd2 f5 20. a3 Bd6 21. c4 g5 22. b4 Rf8 23. Bc3 f4 24. gxf4 gxf4 25. Kh1 f3 26. c5 Bb8 27. Rg1+ Kf7 28. Rg4 Re8 29. Rg7+ Ke6 30. Rxh7 Be5 31. Bxe5 Kxe5 32. Rh5+ Ke6 33. b5 d2 34. Rd1 Rad8 35. Rh6+ Kf5 36. h3 Rd3 37. Rd6 Re5 38. Rxd2 Rxd2 39. Rxd2 Rxc5 40. Rb2 Rc3 41. a4 Kg5 42. a5 Rc5 43. b6 axb6 44. axb6 Rc8 45. b7 Rb8 46. Kh2 1-0

[Event "Basel Hilton op 14th"]
[Site "Basel"]
[Date "2012.01.04"]
[Round "6"]
[White "Bender, Dirk"]
[Black "Schmidt, Ralf"]
[Result "0-1"]
[WhiteElo "2069"]
[BlackElo "2156"]
[PlyCount "110"]
[EventDate "2012.01.01"]
[EventType "swiss"]
[EventRounds "7"]
[EventCountry "SUI"]
[SourceTitle "CBM 146 Extra"]
[Source "ChessBase"]
[SourceDate "2012.02.29"]
[SourceVersion "1"]
[SourceVersionDate "2012.02.29"]
[SourceQuality "1"]

1. c4 g6 2. g3 Bg7 3. Bg2 d6 4. e3 e5 5. Ne2 Nf6 6. Nbc3 0-0 7. 0-0 h5 8. Rb1 a5 9. a3 h4 10. b4 axb4 11. axb4 hxg3 12. fxg3 Nbd7 13. d3 Re8 14. Bd2 Nf8 15. Qc2 N8h7 16. e4 Be6 17. Kh1 c6 18. Ng1 d5 19. exd5 cxd5 20. c5 e4 21. Ra1 Rxa1 22. Rxa1 Bf5 23. Rf1 exd3 24. Qa2 Be4 25. Nb5 Bxg2+ 26. Kxg2 Ne4 27. Bf4 Qd7 28. Nd6 Nxd6 29. Qxd5 Qf5 30. Qxd6 Qe4+ 31. Nf3 Bc3 32. b5 g5 33. c6 bxc6 34. Qxc6 Qxc6 35. bxc6 gxf4 36. Rc1 d2 37. Rd1 Rc8 38. Nxd2 Rxc6 39. Rc1 Rc7 40. gxf4 Nf6 41. Nb1 Ne4 42. Kf3 f5 43. Rc2 Kg7 44. Rg2+ Kf6 45. Rc2 Rh7 46. Kg2 Rc7 47. Kf3 Kg6 48. Rg2+ Kh5 49. Na3 Bd2 50. Nb5 Rd7 51. Rg8 Rd3+ 52. Ke2 Re3+ 53. Kd1 Re1+ 54. Kc2 Be3 55. Nc3 Rc1+ 0-1

[Event "Hessen-ch U18"]
[Site "Bad Homburg"]
[Date "2012.??.??"]
[Round "4"]
[White "Bender, Dirk"]
[Black "Miemelt, Bernd"]
[Result "1-0"]
[WhiteElo "1592"]
[BlackElo "1623"]
[PlyCount "75"]
[EventDate "2012.04.??"]
[EventType "swiss"]
[EventRounds "9"]
[EventCountry "GER"]
[SourceTitle "EXT 2015"]
[Source "ChessBase"]
[SourceDate "2014.11.20"]
[SourceVersion "1"]
[SourceVersionDate "2014.11.20"]
[SourceQuality "1"]

1. e4 d6 2. d4 Nf6 3. Nc3 g6 4. Nf3 Bg7 5. Bc4 0-0 6. 0-0 Nbd7 7. Bf4 Nh5 8. Bg3 Nxg3 9. fxg3 e5 10. d5 Nb6 11. Bb3 f5 12. exf5 Bxf5 13. Nh4 Bd7 14. a4 Qe7 15. a5 Rxf1+ 16. Qxf1 Rf8 17. Qe2 Nc8 18. Ne4 a6 19. c4 Kh8 20. Bc2 Bf6 21. Nf3 Bf5 22. b4 Qd8 23. h3 Ne7 24. Nxf6 Rxf6 25. g4 Bxc2 26. Qxc2 c6 27. dxc6 Nxc6 28. b5 axb5 29. cxb5 Nxa5 30. Qd3 Qc7 31. Ng5 Qc4 32. Qa3 b6 33. Rc1 Qd4+ 34. Kh1 Qf4 35. Rc8+ Kg7 36. Rc7+ Kg8 37. Qa2+ Nc4 38. Qa8+ 1-0

[Event "Hessen-ch U18"]
[Site "Bad Homburg"]
[Date "2012.??.??"]
[Round "7"]
[White "Elkmann, Janek"]
[Black "Bender, Dirk"]
[Result "1-0"]
[WhiteElo "2033"]
[BlackElo "1592"]
[PlyCount "61"]
[EventDate "2012.04.??"]
[EventType "swiss"]
[EventRounds "9"]
[EventCountry "GER"]
[SourceTitle "EXT 2015"]
[Source "ChessBase"]
[SourceDate "2014.11.20"]
[SourceVersion "1"]
[SourceVersionDate "2014.11.20"]
[SourceQuality "1"]

1. e4 e5 2. Nf3 Nc6 3. Bb5 a6 4. Ba4 Nf6 5. 0-0 Be7 6. Re1 b5 7. Bb3 0-0 8. d3 d6 9. c3 Bg4 10. Nbd2 Na5 11. Bc2 c5 12. Nf1 Qc7 13. h3 Be6 14. Ng3 Nc6 15. Ng5 h6 16. Nf3 d5 17. exd5 Nxd5 18. d4 cxd4 19. cxd4 Nxd4 20. Nxd4 exd4 21. Qd3 Nf6 22. Nh5 g6 23. Rxe6 Nxh5 24. Rxg6+ fxg6 25. Qxg6+ Ng7 26. Bb3+ Rf7 27. Qxf7+ Kh8 28. Bxh6 Qe5 29. Bc2 Rf8 30. Bxg7+ Qxg7 31. Qh5+ 1-0

[Event "Hessen-ch U18"]
[Site "Bad Homburg"]
[Date "2012.??.??"]
[Round "5"]
[White "Schlitzer, Felix"]
[Black "Bender, Dirk"]
[Result "1/2-1/2"]
[WhiteElo "1332"]
[BlackElo "1592"]
[PlyCount "53"]
[EventDate "2012.04.??"]
[EventType "swiss"]
[EventRounds "9"]
[EventCountry "GER"]
[SourceTitle "EXT 2015"]
[Source "ChessBase"]
[SourceDate "2014.11.20"]
[SourceVersion "1"]
[SourceVersionDate "2014.11.20"]
[SourceQuality "1"]

1. d4 d5 2. Bf4 Bf5 3. e3 e6 4. c4 Bd6 5. Bxd6 Qxd6 6. Qb3 Qb6 7. Qxb6 axb6 8. Nc3 c6 9. Nf3 Nf6 10. Nh4 Bg6 11. Nxg6 fxg6 12. Be2 Na6 13. a3 0-0 14. 0-0 Nc7 15. h3 Rfe8 16. Rfd1 dxc4 17. Bxc4 b5 18. Bd3 Ncd5 19. Ne4 Nxe4 20. Bxe4 Rad8 21. Bc2 Kf7 22. Bb3 Kf6 23. Rac1 g5 24. Re1 h6 25. Rc5 Re7 26. Bxd5 exd5 27. Ra1 1/2-1/2

[Event "Rhein Main op-A 14th"]
[Site "Bad Homburg"]
[Date "2011.06.23"]
[Round "2"]
[White "Bender, Dirk"]
[Black "Graetzer, Stefan"]
[Result "1/2-1/2"]
[WhiteElo "2123"]
[BlackElo "1917"]
[PlyCount "66"]
[EventDate "2011.06.22"]
[EventType "swiss"]
[EventRounds "7"]
[EventCountry "GER"]
[SourceTitle "EXT 2012"]
[Source "ChessBase"]
[SourceDate "2011.11.24"]
[SourceVersion "1"]
[SourceVersionDate "2011.11.24"]
[SourceQuality "1"]

1. c4 e6 2. g3 d5 3. Nf3 c5 4. cxd5 exd5 5. d4 Nf6 6. Bg2 Nc6 7. dxc5 Bxc5 8. 0-0 0-0 9. a3 a5 10. b3 Be6 11. Nc3 Ne4 12. Na4 Be7 13. Bb2 Bf6 14. Nd4 Rc8 15. Bxe4 Nxd4 16. Bxh7+ Kxh7 17. Bxd4 Rh8 18. f3 Kg8 19. Qd2 Bxd4+ 20. Qxd4 Rc2 21. Rfe1 Qc7 22. Nb2 Bd7 23. Nd3 Bc6 24. Rac1 Rxc1 25. Rxc1 Qe7 26. Ne5 Qxa3 27. Ra1 Qxb3 28. Nxc6 bxc6 29. Rxa5 Qb1+ 30. Kg2 Rh6 31. Ra8+ Kh7 32. Ra7 Qc2 33. Re7 Qf5 1/2-1/2

[Event "Basel Hilton op 13th"]
[Site "Basel"]
[Date "2011.01.05"]
[Round "7"]
[White "Seitz, Benjamin"]
[Black "Bender, Dirk"]
[Result "1/2-1/2"]
[WhiteElo "2084"]
[BlackElo "2112"]
[PlyCount "119"]
[EventDate "2011.01.01"]
[EventType "swiss"]
[EventRounds "7"]
[EventCountry "SUI"]
[SourceTitle "EXT 2012"]
[Source "ChessBase"]
[SourceDate "2011.11.24"]
[SourceVersion "1"]
[SourceVersionDate "2011.11.24"]
[SourceQuality "1"]

1. d4 c5 2. d5 e6 3. e4 d6 4. c4 exd5 5. exd5 g6 6. Bd3 Bg7 7. Ne2 Nf6 8. Nbc3 0-0 9. 0-0 Re8 10. Bg5 Nbd7 11. f4 Qc7 12. Qd2 b6 13. Rae1 Ba6 14. a4 Ng4 15. b3 f5 16. h3 Nh6 17. g4 fxg4 18. Bxh6 Bxh6 19. hxg4 Ne5 20. g5 Nxd3 21. Qxd3 Bg7 22. Ng3 Bd4+ 23. Kg2 Rxe1 24. Rxe1 Qf7 25. Re4 Rf8 26. Nce2 Qxd5 27. Nxd4 cxd4 28. Qxd4 Qf7 29. Kh2 Bb7 30. Re2 Qxf4 31. Qxf4 Rxf4 32. Re7 Rf7 33. Re8+ Kg7 34. Rd8 Rf2+ 35. Kg1 Rg2+ 36. Kf1 Rxg3 37. Rd7+ Kg8 38. Rxb7 Rxb3 39. Rxa7 Rb4 40. Rb7 Rxa4 41. Rxb6 Rxc4 42. Rxd6 Rf4+ 43. Ke2 Rf5 44. Rd8+ Kg7 45. Rd7+ Kg8 46. Rd8+ Kf7 47. Rd7+ Ke6 48. Rxh7 Rxg5 49. Kf3 Kf6 50. Ra7 Rg1 51. Ra5 g5 52. Kf2 Rb1 53. Kg3 Rb4 54. Ra8 Rb3+ 55. Kg4 Rb4+ 56. Kg3 Kg6 57. Rg8+ Kf5 58. Rf8+ Kg6 59. Rg8+ Kf6 60. Ra8 1/2-1/2